Seminario la bestia y el soberano 2001-2002 (Registro nro. 73648)

Detalles MARC
000 -ENCABEZADO
Número de control [NR] 01239nam a2200325Ia 4500
005 - FECHA Y HORA DE LA ÚLTIMA TRANSACCIÓN
control field 20171027162732.0
008 - DE LONGITUD FIJA DE DATOS DE ELEMENTOS - INFORMACIÓN GENERAL
Elementos de longitud fija [NR] 130821s2010 ag gr spa
020 ## - NUMERO INTERNACIONAL NORMALIZADO PARA LIBROS [R]
Número Internacional Normalizado del libro [NR] 9789875001428
040 ## - FUENTE DE CATALOGACION [NR]
Agencia de catalogación original [NR] Co-BoUCM
Idioma de catalogación [NR] spa
Quien Cataloga Sandra Palacio (modificó)
Quien Clasifica [Nuevo]
041 00 - CODIGO DE IDIOMA [R]
Código de idioma para texto/pista de sonido o título separado [R] Español
100 1# - ASIENTO PRINCIPAL--NOMBRE PERSONAL [NR]
Nombre personal [NR] Derrida, Jacques
ID Autoridad 1494
245 10 - MENCION DE TITULO [NR]
Título [NR] Seminario la bestia y el soberano 2001-2002
Mención de responsabilidad, etc. [NR] Jacques Derrida ; edición establecida por Michel Lisse, Marie-Louise Mallet y Ginette Michaud ; traducción por Cristina de Peretti y Delmiro Rocha
260 ## - PUBLICACION, DISTRIBUCION, ETC. (PIE DE IMPRENTA) [R]
Lugar de publicación, distribución, etc. [R] Buenos Aires (Argentina)
Nombre del editor, distribuidor, etc. [R] Ediciones Manantial
Fecha de publicación, distribución, etc. [R] 2010
300 ## - DESCRIPCION FISICA [R]
Extensión [R] 406 páginas (v. 1)
490 ## - MENCION DE SERIE [R]
Mención de serie [R] Bordes
500 ## - NOTA GENERAL [R]
Nota general [NR] Incluye índice.
650 ## - ASIENTO SECUNDARIO DE MATERIA - TERMINO TEMATICO [R]
Término temático o nombre geográfico como elemento de entrada [NR] Filosofía francesa
Subdivisión cronológica [R] Siglo XX
9 (RLIN) 62556
650 ## - ASIENTO SECUNDARIO DE MATERIA - TERMINO TEMATICO [R]
Término temático o nombre geográfico como elemento de entrada [NR] Filosofía
9 (RLIN) 75
650 ## - ASIENTO SECUNDARIO DE MATERIA - TERMINO TEMATICO [R]
Término temático o nombre geográfico como elemento de entrada [NR] Poder (Ciencias sociales)
9 (RLIN) 342
650 ## - ASIENTO SECUNDARIO DE MATERIA - TERMINO TEMATICO [R]
Término temático o nombre geográfico como elemento de entrada [NR] Responsabilidad
Subdivisión general [R] Filosofía
9 (RLIN) 23663
650 ## - ASIENTO SECUNDARIO DE MATERIA - TERMINO TEMATICO [R]
Término temático o nombre geográfico como elemento de entrada [NR] Soberanía
Subdivisión general [R] Filosofía
9 (RLIN) 24689
700 1# - ASIENTO SECUNDARIO - NOMBRE PERSONAL [R]
Nombre personal [NR] Lisse, Michel
9 (RLIN) 88088
700 1# - ASIENTO SECUNDARIO - NOMBRE PERSONAL [R]
Nombre personal [NR] Mallet, Marie-Louise
9 (RLIN) 88089
700 1# - ASIENTO SECUNDARIO - NOMBRE PERSONAL [R]
Nombre personal [NR] Michaud, Ginette
9 (RLIN) 88090
700 1# - ASIENTO SECUNDARIO - NOMBRE PERSONAL [R]
Nombre personal [NR] Peretti, Cristina de
9 (RLIN) 88091
700 1# - ASIENTO SECUNDARIO - NOMBRE PERSONAL [R]
Nombre personal [NR] Rocha, Delmiro
9 (RLIN) 88092
765 1# - ASIENTO DE IDIOMA ORIGINAL [R]
Título [NR] Séminaire la béte et le souverain
942 ## - ELEMENTOS DE ENTRADA AGREGADOS (KOHA)
Tipo de ítem principal el descrito en 300a Libro
Tema principal Filosofía
Edición 1
Parte restante de la signatura top. D438s
Sistema de clasificación DEWEY
Clasificación 194
Existencias
Fecha de último préstamo Total préstamos Total Renewals Signatura topográfica Código de barras Última vez visto Volúmen / Fascículo Ejemplar Price effective from Tipo de ítem Perdido Sistema de clasificación Dañado No prestable Tipo de ítem específico Suprimido Ubicación habitual Ubicación actual Localización Fecha de creación Forma de adquisición Costo Costo de reposición Proveedor
05/09/2017 6 3 194 D438s 100120148 05/12/2025 V.1 Ej.1 03/02/2013 Libro   DEWEY     Libro   Claustro Claustro 2do piso 28/02/2013 Compra 89000.00    
      194 D438s 100154591 01/07/2026 V.1 Ej.4 24/10/2017 Libro   DEWEY     Libro   Claustro Claustro 2do piso 24/10/2017 Compra 69840.00 69840.00 35
17/01/2019 1   194 D438s 100154592 05/12/2025 V.1 Ej.5 24/10/2017 Libro   DEWEY     Libro   Claustro Claustro 2do piso 24/10/2017 Compra 69840.00 69840.00 35
      194 D438s 100154590 05/12/2025 V.1 Ej.3 24/10/2017 Libro   DEWEY     Libro   Claustro Claustro 2do piso 24/10/2017 Compra 69840.00 69840.00 35
      194 D438s 100154589 05/12/2025 V.1 Ej.2 24/10/2017 Libro   DEWEY     Libro   Claustro Claustro 2do piso 24/10/2017 Compra 69840.00 69840.00 35